| 000 | 00836nam a22001937a 4500 | ||
|---|---|---|---|
| 008 | 150410b xxu||||| |||| 00| 0 eng d | ||
| 020 | _a9789930949825 | ||
| 082 |
_a707 _bCh512e |
||
| 100 |
_aChavarría Zamora, María Jose _92379 |
||
| 245 |
_aEscala de valores _bWalterio Iraheta _cChavarria Zamora, Maria Jose (curadora) |
||
| 260 |
_aSan José, Costa Rica _bMuseo de Arte y Diseño Contemporaneo MADC _c2014 |
||
| 300 |
_a50 p. _bill. (col) _c24 cm. |
||
| 505 |
_tWalterio Iraheta. El orden del caos / Fiorella Resenterra _tEscala de Valores / María José Chavarría |
||
| 650 |
_xArte-catálogos _xArte contemporáneo-America Latina _xBellas artes _92384 |
||
| 700 |
_aWalterio Iraheta (fot), _92385 |
||
| 720 |
_aMaria José Chavarría Zamora _ecuradora |
||
| 720 |
_aNatasha Mclver _eTraductora |
||
| 720 |
_aWalterio Iraheta _eFotógrafo |
||
| 999 |
_c512 _d512 |
||